Entertainment Click Quiz - Statistics

General Stats
  • This quiz has been taken 214 times
  • The average score is 5 of 10
Answer Stats
Question Answer % Correct
Which of these played Batman
82%
Which of these people is NOT Canadian ?
70%
Which of these have won the most Oscars
66%
Which of these is NOT from London ?
64%
Which of these made their first appearance first ?
55%
Which of these was voted Best Animated Picture first
52%
Which of these appeared in the most Simpson's episodes
39%
Which of these were born first ?
32%
Which of these people were NOT born in California?
20%
Which of these companys were created first ?
14%
No matching quizzes found
Score Distribution
Percent of People with Each Score
Percentile by Number Answered
Your Score History
You have not taken this quiz